Chappell Roan - Paroles Good Luck, Babe! - Statistiques

Statistiques générales
  • Ce quiz a été pris 217 fois
    214 depuis la dernière actualisation
  • Le résultat moyen est 393 sur 451
Statistiques - réponses
Hint Réponse % Correct
Pré-refrain I
100%
"I
100%
a
98%
the
98%
it
97%
You
97%
you
97%
an
95%
are
95%
can
95%
in
95%
Couplet 1 It's
95%
it's
95%
say
95%
say,
95%
to
95%
Bridge When
95%
when
95%
but
94%
But
94%
but,
94%
know
94%
of
94%
And
93%
feeling
93%
just
93%
stop
93%
hundred
92%
boys
91%
call
91%
kiss
91%
love
91%
not
91%
With
91%
with
91%
another
90%
bars
90%
fine,
90%
cool
89%
nothing,
89%
nothing
89%
truth
89%
up
89%
way
89%
your
89%
don't
88%
him
88%
so"
88%
so
88%
so)
88%
that
88%
we
88%
Good
87%
good
87%
luck,
87%
luck)
87%
luck),
87%
next
87%
wake
87%
wanna
87%
who
87%
babe
86%
night
86%
"baby"
85%
hate
85%
I'm
85%
me
85%
me,
85%
middle
85%
told
85%
try
84%
world
84%
fool
83%
one
82%
Shoot
82%
Pré-refrain Think
82%
think
82%
you're
82%
You're
82%
be
81%
excuse,
81%
guess
81%
hands,
81%
Make
81%
shot,
81%
more
80%
about
79%
face
78%
his
78%
than
77%
wife
77%
ago
76%
years
76%
all
75%
off
75%
reason
75%
stupid
75%
(well,
75%
well
75%
(well
75%
well,
75%
have
74%
head
73%
little
73%
calls
72%
someone
70%
affair
69%
explicit
69%
fair
69%
sexually
69%
car
68%
kind
68%
need
67%
standing
67%
gonna
65%
if
65%
like
65%
You'd
64%
arms
63%
new
63%
cry,
62%
Even
62%
those
62%
angel
60%
cares?
60%
only
54%
her
52%
lovin',
52%
through
48%
air
46%
sunroof
46%
cliché,
45%
out
39%
Aucun quiz correspondant
Distribution des résultats
% des personnes avec chaque résultat
Percentile par nombre de réponses
Votre historique - résultats
Vous n’avez pas pris ce quiz depuis la dernière actualisation